|
|
|
|
| LEADER |
00000nab a2200000 a 4500 |
| 001 |
vtls008843368 |
| 003 |
SK-MaSNL |
| 005 |
20260426100357.0 |
| 008 |
250505c2006 xo |||||||||||000 b|slo |
| 015 |
|
|
|a SNBRB2006/08
|2 snkbucl
|
| 035 |
|
|
|a (uuid)6d11bad7-45c6-49f0-a233-315198f07e5b
|
| 035 |
|
|
|a urn:nbn:sk:snk-abxq1
|
| 035 |
|
|
|a (urnnbn)urn:nbn:sk:snk:ar-a03moe
|
| 038 |
|
|
|a SNKBUCL
|
| 040 |
|
|
|a SNKBUCL
|b slo
|c SNKBUCL
|e AACR2
|
| 041 |
0 |
|
|a slo
|
| 044 |
|
|
|a xo
|c SK
|
| 080 |
|
|
|a 628.3/.5:620.26
|x (437.6)
|2 1997
|
| 080 |
|
|
|a 620.26
|2 1997
|
| 100 |
1 |
|
|a Sklenár, Štefan
|4 aut
|9 8053
|
| 245 |
1 |
0 |
|a Nebezpečné odpady v komunálnych odpadoch
|c Štefan Sklenár
|
| 300 |
|
|
|b Fotogr., tab.
|
| 650 |
0 |
7 |
|a komunálny odpad
|2 snkbucl
|9 3934
|
| 650 |
0 |
7 |
|a nebezpečný odpad
|2 snkbucl
|9 74569
|
| 650 |
0 |
7 |
|a odpadové hospodárstvo
|2 snkbucl
|9 3603
|
| 651 |
|
7 |
|a Slovensko
|2 snkbucl
|9 14231
|
| 773 |
0 |
|
|t Odpady
|g Roč. 6, č. 4 (2006), s. 6-7
|x 1335-7808
|
| 850 |
|
|
|a Slovenská národná knižnica
|
| 852 |
|
|
|a Slovenská národná knižnica
|
| 954 |
|
|
|a odborná, vedecká literatúra pôvodná (slovenská)
|2 lita
|
| 958 |
|
|
|a article2022
|
| 958 |
|
|
|a OND
|
| 958 |
|
|
|a EUIPO
|
| 999 |
|
|
|c 3194202
|d 3196132
|